The South Beach heart health revolution : (Record no. 114)

MARC details
000 -LEADER
fixed length control field 01318cam a2200301Ia 4500
003 - CONTROL NUMBER IDENTIFIER
control field data
005 - DATE AND TIME OF LATEST TRANSACTION
control field 20260322212007.0
008 - FIXED-LENGTH DATA ELEMENTS--GENERAL INFORMATION
fixed length control field data
010 ## - LIBRARY OF CONGRESS CONTROL NUMBER
LC control number 2006028993
020 ## - INTERNATIONAL STANDARD BOOK NUMBER
International Standard Book Number 0312376650
020 ## - INTERNATIONAL STANDARD BOOK NUMBER
International Standard Book Number 9780312376659
040 ## - CATALOGING SOURCE
Original cataloging agency LKR
Transcribing agency LKR
Modifying agency UtOrBLW
-- CPL
-- TOL
-- UtOrBLW
050 14 - LIBRARY OF CONGRESS CALL NUMBER
Classification number RC685.C6
Item number A43 2008
092 ## - LOCALLY ASSIGNED DEWEY CALL NUMBER (OCLC)
Classification number 616.1 A43 2008
001 - CONTROL NUMBER
control field data
100 1# - MAIN ENTRY--PERSONAL NAME
Personal name Agatston, Arthur.
245 14 - TITLE STATEMENT
Title The South Beach heart health revolution :
Remainder of title cardiac prevention that can reverse heart disease and stop heart attacks and strokes /
Statement of responsibility, etc. Arthur Agatston.
250 ## - EDITION STATEMENT
Edition statement 1st St. Martin Griffin ed.
260 ## - PUBLICATION, DISTRIBUTION, ETC.
Place of publication, distribution, etc. New York :
Name of publisher, distributor, etc. St. Martin's Griffin,
Date of publication, distribution, etc. 2008.
300 ## - PHYSICAL DESCRIPTION
Extent xviii, 297 p. :
Other physical details ill. ;
Dimensions 21 cm.
500 ## - GENERAL NOTE
General note Reprint. Originally published as: The South Beach heart program. [Emmaus, Pa.?] : Rodale, c2007.
504 ## - BIBLIOGRAPHY, ETC. NOTE
Bibliography, etc. note Includes bibliographical references (p. 267-282) and index.
520 ## - SUMMARY, ETC.
Summary, etc. Introduces a program emphasizing a preventative rather than a therapeutic attitude toward cardiac health, detailing four key elements--heart-healthy eating, functional fitness, advanced blood test and heart imaging, and protective medications.
650 #0 - SUBJECT ADDED ENTRY--TOPICAL TERM
Topical term or geographic name entry element Coronary heart disease
General subdivision Prevention.
650 #0 - SUBJECT ADDED ENTRY--TOPICAL TERM
Topical term or geographic name entry element Coronary heart disease
General subdivision Treatment.
650 #0 - SUBJECT ADDED ENTRY--TOPICAL TERM
Topical term or geographic name entry element Heart
General subdivision Prevention.
-- Prevention.
650 #0 - SUBJECT ADDED ENTRY--TOPICAL TERM
Topical term or geographic name entry element Medicine, Preventive.
Holdings
Withdrawn status Lost status Damaged status Not for loan Home library Current library Shelving location Date acquired Total checkouts Full call number Barcode Date last seen Price effective from Koha item type
        Franklin Franklin General stacks 22/03/2026   RC685.C6 A43 2008 BC0010118 22/03/2026 22/03/2026 Books